| 000 | 00000nam##2200000za#4500 |
| 001 | 9.642241 |
| 003 | CaOODSP |
| 005 | 20250506145323 |
| 007 | cr ||||||||||| |
| 008 | 150407|1988||||xxc|||||o f|0| 0 fre|d |
| 040 | |aCaOODSP|bfre |
| 043 | |an-cn--- |
| 086 | 1 |aA73-5249/1988F-PDF |
| 110 | 1 |aCanada.|bAgriculture Canada. |
| 245 | 10|aLoi sur les prêts destinés aux améliorations agricoles et à la commercialisation selon la formule coopérative |h[ressource électronique] |
| 260 | |aOttawa - Ontario : |bAgriculture Canada |cc1988 (réimpression 1989). |
| 300 | |a10p. |
| 500 | |aPublication historique numérisée par Agriculture et Agroalimentaire Canada. «Un coup de pousse»--p.1 de 10. |
| 590 | |a13-17-Supp|b2013-07-25 |
| 691 | 07|aÉconomie agricole|2gcpds |
| 691 | 07|aProgramme d'aide agricole|2gcpds |
| 775 | 08|tFarm Improvement and Marketing Cooperatives Loans Act |w(CaOODSP)9.697682 |
| 856 | 40|ahttp://publications.gc.ca|qPDF|s390 Ko|uhttps://publications.gc.ca/collections/collection_2013/aac-aafc/agrhist/A73-5249-1988-fra.pdf |
| 986 | |a5249/B |